000 00507nam a2200145Ia 4500
008 090124s9999 xx 000 0 und d
082 _b34144
245 _a प्रकाशकिरणे(गांधीविचार)
250 _a1
260 _bबकाणे छाया सुरेश
_c2007
300 _a137
630 _a प्रकाशकिरणे(गांधीविचार)
730 _a प्रकाशकिरणे(गांधीविचार)
942 _cBOOK
999 _c196800
_d196800